<?xml version="1.0" encoding="UTF-8"?>
<record
    xmlns:xsi="http://www.w3.org/2001/XMLSchema-instance"
    xsi:schemaLocation="http://www.loc.gov/MARC21/slim http://www.loc.gov/standards/marcxml/schema/MARC21slim.xsd"
    xmlns="http://www.loc.gov/MARC21/slim">

  <leader>00534nam a22001457a 4500</leader>
  <controlfield tag="008">230410b        |||||||| |||| 00| 0 eng d</controlfield>
  <datafield tag="040" ind1=" " ind2=" ">
    <subfield code="a">National Science Library</subfield>
    <subfield code="c">National Science Library</subfield>
  </datafield>
  <datafield tag="080" ind1=" " ind2=" ">
    <subfield code="a">R 651.926-051(540)(058)</subfield>
    <subfield code="b">M9</subfield>
  </datafield>
  <datafield tag="245" ind1=" " ind2=" ">
    <subfield code="a">Directory of foreign language scientific and technical translators in India</subfield>
    <subfield code="c">/ Indian Scientific Translators Association</subfield>
  </datafield>
  <datafield tag="260" ind1=" " ind2=" ">
    <subfield code="a">New Delhi: </subfield>
    <subfield code="b">Indian Scientific Translators Association, </subfield>
    <subfield code="c">1989</subfield>
  </datafield>
  <datafield tag="300" ind1=" " ind2=" ">
    <subfield code="a">253p.</subfield>
  </datafield>
  <datafield tag="650" ind1=" " ind2=" ">
    <subfield code="a">Management</subfield>
  </datafield>
  <datafield tag="653" ind1=" " ind2=" ">
    <subfield code="a">Language</subfield>
  </datafield>
  <datafield tag="942" ind1=" " ind2=" ">
    <subfield code="2">udc</subfield>
    <subfield code="c">REF</subfield>
  </datafield>
  <datafield tag="999" ind1=" " ind2=" ">
    <subfield code="c">20117</subfield>
    <subfield code="d">20117</subfield>
  </datafield>
  <datafield tag="952" ind1=" " ind2=" ">
    <subfield code="0">0</subfield>
    <subfield code="1">0</subfield>
    <subfield code="2">udc</subfield>
    <subfield code="4">0</subfield>
    <subfield code="6">R_651926051540058_M9</subfield>
    <subfield code="7">0</subfield>
    <subfield code="9">29427</subfield>
    <subfield code="a">NSL</subfield>
    <subfield code="b">NSL</subfield>
    <subfield code="c">GF/Rk-22/C-5/R-1</subfield>
    <subfield code="d">1992-09-09</subfield>
    <subfield code="l">0</subfield>
    <subfield code="o">R 651.926-051(540)(058) M9</subfield>
    <subfield code="p">173215</subfield>
    <subfield code="r">2023-04-10 00:00:00</subfield>
    <subfield code="w">1992-09-09</subfield>
    <subfield code="y">REF</subfield>
  </datafield>
  <datafield tag="952" ind1=" " ind2=" ">
    <subfield code="0">0</subfield>
    <subfield code="1">0</subfield>
    <subfield code="2">udc</subfield>
    <subfield code="4">0</subfield>
    <subfield code="6">R_651926051540058_M9</subfield>
    <subfield code="7">0</subfield>
    <subfield code="9">29429</subfield>
    <subfield code="a">NSL</subfield>
    <subfield code="b">NSL</subfield>
    <subfield code="c">GF/Rk-22/C-5/R-1</subfield>
    <subfield code="d">1992-09-09</subfield>
    <subfield code="l">0</subfield>
    <subfield code="o">R 651.926-051(540)(058) M9</subfield>
    <subfield code="p">172894</subfield>
    <subfield code="r">2023-04-10 00:00:00</subfield>
    <subfield code="w">1992-09-09</subfield>
    <subfield code="y">REF</subfield>
  </datafield>
  <datafield tag="952" ind1=" " ind2=" ">
    <subfield code="0">0</subfield>
    <subfield code="1">0</subfield>
    <subfield code="2">udc</subfield>
    <subfield code="4">0</subfield>
    <subfield code="6">R_651926051540058_M9</subfield>
    <subfield code="7">0</subfield>
    <subfield code="9">29432</subfield>
    <subfield code="a">NSL</subfield>
    <subfield code="b">NSL</subfield>
    <subfield code="c">GF/Rk-22/C-5/R-1</subfield>
    <subfield code="d">1992-09-09</subfield>
    <subfield code="l">0</subfield>
    <subfield code="o">R 651.926-051(540)(058) M9</subfield>
    <subfield code="p">179367</subfield>
    <subfield code="r">2023-04-10 00:00:00</subfield>
    <subfield code="w">1992-09-09</subfield>
    <subfield code="y">REF</subfield>
  </datafield>
</record>
